| 000 -LEADER |
| fixed length control field |
01959pab a2200169 454500 |
| 008 - FIXED-LENGTH DATA ELEMENTS--GENERAL INFORMATION |
| fixed length control field |
180718b2012 xxu||||| |||| 00| 0 eng d |
| 100 ## - MAIN ENTRY--PERSONAL NAME |
| Personal name |
Gagnon, Alain-G. |
| 245 ## - TITLE STATEMENT |
| Title |
Canadian federalism: An account |
| 260 ## - PUBLICATION, DISTRIBUTION, ETC. |
| Date of publication, distribution, etc. |
2012 |
| 300 ## - PHYSICAL DESCRIPTION |
| Extent |
p.1-14. |
| 520 ## - SUMMARY, ETC. |
| Summary, etc. |
Two federal traditions have developed side by side in Canada: the first is territorial and mononational, while the second is based on a plurinational understanding of the politeia. The dominant culture, combined with waves of immigration favouring English Canadians, has had a decisive impact on the evolution of Canadian federalism. The Quebecois have defended the institutions of parliamentary democracy at the provincial level. Parliamentary supremacy seems like a compelling vehicle for getting the voice of their national community heard and to be a key political instrument making it possible to advance their societal plan in the framework of negotiations with Ottawa, while at the same time making the Quebec Assemblee nationale the forum, for example, for democratic deliberation. It is important to point out the efforts by the central government and the Supreme Court (when it is asked) to pursue a standardisation mission in the name of universal rights. This pursuit is an obstacle to establishing truly federal practices since federalism "necessarily results in different legal regimes and some fragmentation of the system of rights." As a matter of fact, Canada gives the impression of being a decentralised federation, but that does not reveal the hidden face of the institutional structure inherited from the British Empire s Golden Age. The paper critically argues that over the years Canadian Supreme Court has played crucial role in creating a central state with a unitary appearance that clashes with its plural nature. - Reproduced. |
| 650 ## - SUBJECT ADDED ENTRY--TOPICAL TERM |
| Topical term or geographic name entry element |
Federalism - India |
| 650 ## - SUBJECT ADDED ENTRY--TOPICAL TERM |
| Topical term or geographic name entry element |
Federalism |
| 773 ## - HOST ITEM ENTRY |
| Main entry heading |
Indian Journal of Federal Studies |
| 908 ## - PUT COMMAND PARAMETER (RLIN) |
| Put command parameter |
N |
| 909 ## - |
| -- |
102767 |